[Event "Satka-ch Rating"]
[Site "Satka"]
[Date "2013.12.14"]
[Round "4"]
[White "Buldakova, Irina"]
[Black "Kaliev, Konstantin Arkadiev"]
[Result "1/2-1/2"]
[WhiteElo "1720"]
[BlackElo "1970"]
[PlyCount "101"]
[EventDate "2013.12.09"]
[EventType "swiss"]
[EventRounds "9"]
[EventCountry "RUS"]
[SourceTitle "EXT 2016"]
[Source "ChessBase"]
[SourceDate "2015.10.08"]
[SourceVersion "1"]
[SourceVersionDate "2015.10.08"]
[SourceQuality "1"]

1. d4 Nf6 2. Nf3 e6 3. e3 c5 4. b3 Be7 5. Bb2 b6 6. c4 Bb7 7. Be2 0-0 8. 0-0 d6 9. Nc3 Nbd7 10. d5 exd5 11. cxd5 a6 12. a4 Re8 13. e4 Bf8 14. Nd2 g6 15. f4 Bg7 16. Rb1 Re7 17. g4 h6 18. h4 Ne8 19. g5 Nc7 20. Qe1 b5 21. axb5 axb5 22. Nxb5 Nxb5 23. Bxb5 Bxd5 24. Bxg7 Kxg7 25. gxh6+ Kxh6 26. Qg3 Rxe4 27. Nxe4 Bxe4 28. Qg5+ Kg7 29. Ra1 Nf6 30. Qg3 Qb6 31. Bc4 Rxa1 32. Rxa1 d5 33. Ra6 Qb4 34. Be2 Qd2 35. Qf2 d4 36. h5 Qc1+ 37. Qf1 Qe3+ 38. Qf2 Qh3 39. Qh2 Qxh2+ 40. Kxh2 Nd5 41. Kg3 d3 42. Bd1 Ne3 43. Ra1 Bd5 44. hxg6 Kxg6 45. Kf2 Nxd1+ 46. Rxd1 Bxb3 47. Rxd3 Be6 48. Ke3 c4 49. Ra3 Bf5 50. Ra6+ f6 51. Kd4 1/2-1/2

[Event "Cheliabinsk Region-ch"]
[Site "Cheliabinsk"]
[Date "2012.02.24"]
[Round "7"]
[White "Kaliev, Konstantin Arkadiev"]
[Black "Tretjachenko, Leonid"]
[Result "1-0"]
[WhiteElo "1925"]
[BlackElo "1900"]
[PlyCount "73"]
[EventDate "2012.02.18"]
[EventType "swiss"]
[EventRounds "9"]
[EventCountry "RUS"]
[SourceTitle "EXT 2014"]
[Source "ChessBase"]
[SourceDate "2013.11.20"]
[SourceVersion "1"]
[SourceVersionDate "2013.11.20"]
[SourceQuality "1"]

1. d4 Nf6 2. c4 g6 3. Nc3 Bg7 4. e4 d6 5. Be2 0-0 6. Bg5 h6 7. Bf4 e6 8. Qd2 Kh7 9. h4 Qe7 10. Nf3 Nc6 11. 0-0-0 e5 12. dxe5 Nxe5 13. Nxe5 dxe5 14. Be3 Be6 15. Nd5 Bxd5 16. exd5 Ne4 17. Qc2 f5 18. h5 g5 19. g4 Kh8 20. Bd3 Nd6 21. c5 Rac8 22. Kb1 e4 23. Bf1 Ne8 24. gxf5 Rd8 25. Bg2 Nf6 26. Bxg5 hxg5 27. h6 Rxd5 28. hxg7+ Kxg7 29. Rxd5 Nxd5 30. Bxe4 Nf6 31. Bxb7 Qe5 32. Rg1 g4 33. Bf3 Qh2 34. Qc1 Qxf2 35. Bxg4 Kf7 36. Bh5+ Nxh5 37. Qc4+ 1-0